Tính thiện trong tư tưởng Đông Phương
v.v...
Đã lưu trong:
| Tác giả chính: | |
|---|---|
| Định dạng: | Sách |
| Năm xuất bản: |
H.
Văn học
1997
|
| Chủ đề: | |
| Tags: |
Thêm thẻ
Không có thẻ, Hãy là người đầu tiên gắn thẻ bản ghi này!
|
| LEADER | 00814nam a2200169 4500 | ||
|---|---|---|---|
| 082 | |a 181.11 |b NG527TH | ||
| 100 | |a Nguyễn Thu Phong | ||
| 245 | |a Tính thiện trong tư tưởng Đông Phương |c Nguyễn Thu Phong | ||
| 260 | |a H. |b Văn học |c 1997 | ||
| 300 | |a 249 tr. |c 19 cm. | ||
| 520 | |a v.v... | ||
| 653 | |a Triết học | ||
| 653 | |a Trung Quốc | ||
| 942 | |2 ddc |c SH | ||
| 999 | |c 8927 |d 8927 | ||
| 952 | |0 0 |1 0 |2 ddc |4 0 |6 181_110000000000000_NG527TH |7 0 |8 100 |9 73552 |a qbu |b qbu |c D2 |d 2015-05-04 |g 18000 |o 181.11 NG527TH |p 8492.c1 |r 0000-00-00 |w 2015-05-04 |y STK0 |0 0 |6 181_110000000000000_NG527TH |0 0 |6 181_110000000000000_NG527TH | ||
| 952 | |0 0 |1 0 |2 ddc |4 0 |6 181_110000000000000_NG527TH |7 0 |8 100 |9 99928 |a qbu |b qbu |c D2 |d 2015-11-26 |g 18000 |l 1 |o 181.11 NG527TH |p 8492.c2 |r 2017-03-02 |s 2017-02-16 |w 2015-11-26 |y STK0 |0 0 |6 181_110000000000000_NG527TH | ||